NFL Team Sack Leaders - Extreme - Statistics

General Stats
  • This quiz has been taken 32 times
  • The average score is 32 of 95
Answer Stats
Team Sacks Player % Correct
Texans 101 J.J. Watt
92%
Steelers 115 T.J. Watt
92%
Bills 171 Bruce Smith
88%
Falcons 58.5 Chuck Smith
88%
Browns 125.5 Myles Garrett
84%
Dolphins 131 Jason Taylor
76%
Giants 132.5 Lawrence Taylor
76%
49ers 64.5 Nick Bosa
76%
Broncos 110.5 Von Miller
76%
Chargers 72 Joey Bosa
72%
Panthers 97 Julius Peppers
72%
Rams 111 Aaron Donald
68%
Jaguars 61 Josh Hines-Allen
68%
Packers 68.5 Reggie White
68%
Ravens 132.5 Terrell Suggs
68%
Cardinals 71.5 Chandler Jones
64%
Chiefs 87.5 Chris Jones
64%
Giants 141.5 Michael Strahan
64%
Titans/Oilers 57.5 Sean Jones
64%
Seahawks 97.5 Jacob Green
60%
Rams 72.5 Kevin Greene
60%
Buccaneers 77 Warren Sapp
60%
Saints 132 Cameron Jordan
56%
Browns 62 Clay Matthews
56%
Packers 83.5 Clay Matthews
56%
Cowboys 117 DeMarcus Ware
56%
Chiefs 126.5 Derrick Thomas
56%
Jets 74 Mark Gastineau
52%
Bears 124.5 Richard Dent
52%
Panthers 67.5 Charles Johnson
48%
Steelers 80.5 James Harrison
48%
Texans 53 Mario Williams
48%
Saints 115 Rickey Jackson
48%
49ers 89.5 Bryant Young
44%
49ers 66.5 Charles Haley
44%
Colts 107.5 Dwight Freeney
44%
Vikings 114 John Randle
44%
Bengals 61 Trey Hendrickson
44%
Raiders 84 Howie Long
40%
Colts 123 Robert Mathis
40%
Vikings 87.5 Danielle Hunter
36%
Raiders 69.5 Maxx Crosby
36%
Vikings 96.5 Chris Doleman
32%
Steelers 92 Cameron Heyward
28%
Commanders 91 Dexter Manley
28%
Falcons 68.5 John Abraham
28%
Jets 53.5 John Abraham
28%
Giants 79.5 Leonard Marshall
28%
Bears 57 Dan Hampton
24%
Chargers 105.5 Leslie O'Neal
24%
Titans/Oilers 75.5 Ray Childress
24%
Patriots 100 Andre Tippett
20%
Bengals 82.5 Carlos Dunlap
20%
Buccaneers 69.5 Simeon Rice
20%
Bears 92.5 Steve McMichael
20%
Dolphins 98 Cameron Wake
16%
Cardinals 66.5 Freddie Joe Nunn
16%
Lions 95.5 Robert Porcher
16%
Commanders 95.5 Ryan Kerrigan
16%
Chiefs 89.5 Tamba Hali
16%
Saints 82.5 Wayne Martin
16%
Eagles 79.5 Brandon Graham
12%
Bengals 75.5 Geno Atkins
12%
Raiders 107.5 Greg Townsend
12%
Cowboys 94.5 Jim Jeffcoat
12%
Browns 51.5 Michael Dean Perry
12%
Broncos 97.5 Simon Fletcher
12%
Jaguars 55 Tony Brackens
12%
Eagles 85.5 Trent Cole
12%
Patriots 78 Willie McGinest
12%
Commanders 82 Charles Mann
8%
Buccaneers 54.5 Gerald McCoy
8%
Seahawks 63 Jeff Bryant
8%
Dolphins 59.5 Jeff Cross
8%
Broncos 79 Karl Mecklenburg
8%
Rams 87.5 Leonard Little
8%
Panthers 55.5 Mike Rucker
8%
Ravens 70 Peter Boulware
8%
Titans/Oilers 59 William Fuller
8%
Bills 78 Aaron Schobel
4%
Patriots 51 Chris Slade
4%
Cardinals 69.5 Curtis Greer
4%
Colts 50 Duane Bickett
4%
Cowboys 77 Greg Ellis
4%
Packers 74.5 Kabeer Gbaja-Biamila
4%
Ravens 51 Michael McCrary
4%
Seahawks 73.5 Michael Sinclair
4%
Lions 62.5 Mike Cofer
4%
Falcons 58 Patrick Kerney
4%
Bills 61.5 Phil Hansen
4%
Jets 72.5 Shaun Ellis
4%
Chargers 69.5 Shaun Phillips
4%
Lions 60.5 Tracy Scroggins
4%
Texans 57 Whitney Mercilus
4%
Jaguars 37.5 Yannick Ngakoue
4%
No matching quizzes found
Score Distribution
Percent of People with Each Score
Percentile by Number Answered
Your Score History
You have not taken this quiz